Zeeën van de Wereld - Statistieken

Algemene statistieken
  • Deze quiz is 2.862 keer genomen
  • De gemiddelde score is 23 van 100
Antwoorden op de kaart
Antwoorden kleurgecodeerd door een groen-rode schaal op de quizkaart volgens % correct hieronder.
 
Antwoordstatistieken
Zee % Correct
{Noord}zee
95%
{Atlantische} Oceaan
91%
{Grote/Stille} Oceaan
84%
{Indische} Oceaan
82%
{Middellandse} Zee
81%
{Zwarte} Zee
77%
{Rode} Zee
76%
{Oost}zee
65%
Golf van {Mexico}
63%
{Arctische} Oceaan
52%
{Kaspische} Zee
51%
{Caribische} Zee
48%
Zee van {Japan}
48%
Golf van {Panama}
47%
{Adriatische} Zee
41%
Engels Kanaal
38%
{Perzische} Golf
34%
{Egeïsche} Zee
33%
Golf van {Suez}
33%
{Gele} Zee
30%
{Zuid-Chinese} Zee
30%
{Hudson}baai
29%
{Hudson}straat
29%
{Arabische} Zee
28%
{Bering}zee
28%
Golf van {Biskaje}
28%
{Tasman}zee
28%
{Kara}zee
26%
{Ierse} Zee
25%
{Barentsz}zee
23%
{Filipijnse} Zee
23%
{Noorse} Zee
23%
Golf van {Guinee}
22%
Golf van {Aden}
21%
Golf van {Alaska}
21%
Golf van {Bengalen}
21%
Grote {Australische} Bocht
21%
{Ionische} Zee
21%
{Java}zee
21%
Golf van {Californië}
20%
{Oost-Chinese} Zee
20%
Golf van {Oman}
19%
Golf van {Thailand}
19%
{Mozambique}-kanaal
19%
{Tyrreense} Zee
19%
Kattegat
18%
{Koraal}zee
18%
{Labrador}zee
18%
{Witte} Zee
18%
{Groenlandse} Zee
17%
{Botnische} Golf
16%
{Baffin}baai
15%
{Balearische} Zee
14%
{Timor}zee
14%
Zee van {Azov}
14%
Golf van {Finland}
13%
{Keltische} Zee
13%
{Ligurische} Zee
13%
Skagerrak
13%
Zee van {Marmara}
13%
{Andaman}zee
12%
{Celebes}zee
12%
Golf van {Riga}
12%
{Malakka}straat
12%
Río de la Plata
12%
{Beaufort}zee
11%
{Noordwestelijke} Doorvaarten
11%
{Oost-Siberische} Zee
11%
{Arafura}zee
10%
Baai van {San Francisco}
10%
{Banda}zee
10%
{Bismarck}zee
10%
{Salomon}zee
10%
{Alboran}zee
9%
{Bass}straat
9%
{Cook}straat
9%
{Davis}straat
9%
{Flores}zee
9%
Golf van {Akaba}
9%
Golf van {Saint Lawrence}
9%
{Laccadiven}zee
9%
{Laptev}zee
9%
Baai van {Fundy}
8%
Baai van {Tokio}
8%
Golf van {Maine}
8%
Golf van {Tonkin}
8%
{Molukse} Zee
8%
{Sulu}zee
8%
Zee van {Ochotsk}
8%
{Makassar}straat
7%
{Ceram}zee
6%
{Chukchi}zee
6%
Golf van {Carpentaria}
6%
{Savu}zee
6%
Golf van {Anadyr}
5%
Golf van {Boni}
5%
Golf van {Tomini}
5%
{Halmahera}-zee
5%
{Pechora}zee
5%
{Salish}-zee
5%
Geen overeenkomende quizzen gevonden
Scoreverdeling
Procent van Mensen met Elke Score
Percentiel versus Aantal Correcte Antwoorden
Uw Scoregeschiedenis
U heeft deze quiz nog niet genomen